01709nam a2200289 a 4500001001500000005001700015008004100032020003500073020003000108040000600138050001000144082002600154100003600180245012900216260004400345300002100389520066200410650001501072650002801087650003801115650001601153650001101169856008201180942001201262999001701274952012801291ASIN030017201X20170105102927.0131212s2012 xxu eng d a030017201X (paperback)c$35.00 a9780300172010 (paperback) a004aDR57604a320.5409561bOZK 20121 a(Ozkan), Behlul (Behlul) Ozkan.10aFrom the abode of islam to the turkish vatan :bthe making of a national homeland in turkey /cBehlul (Behlul) Ozkan (Ozkan) a[S.l.] :bYale University Press,c2012. a288 p. ;c24 cm. aHow does a people move from tribal and religiously based understandings of society to a concept of the modern nation-state? This book examines the complex and pivotal case of Turkey. Tracing the shifting valences of vatan (Arabic for “birthplace” or “homeland”) from the Ottoman period—when it signified a certain territorial integrity and imperial ideology—through its acquisition of religious undertones and its evolution alongside the concept of millet (nation), Behlül Özkan engages readers in the fascinating ontology of Turkey’s protean imagining of its nationhood and the construction of a modern national-territorial consciousness. 0aBoundaries 0aInternational relations 0aNational characteristics, Turkish 0aNationalism 0aTurkey403Amazon.comuhttp://www.amazon.com/exec/obidos/ASIN/030017201X/chopaconline-20 2ddccBK c15864d15864 001040708NFICaCIPSbCIPScGENd2013-10-01l1o320.5409561 OZK 2012pCIPS0001250r2022-02-08s2021-12-30w2013-12-12yBK